Online Catalogue and eLibrary

Fightback says a woman (Record no. 2698)

MARC details
000 -LEADER
fixed length control field 00389nam a2200157Ia 4500
005 - DATE AND TIME OF LATEST TRANSACTION
control field 20240426025634.0
008 - FIXED-LENGTH DATA ELEMENTS--GENERAL INFORMATION
fixed length control field 240331s9999 xx 000 0 und d
082 ## - DDC Classification
Item Number - Author Mark WAL
Class No. 331.4
100 ## - MAIN ENTRY--PERSONAL NAME
Personal name Walcott,Clotil
245 #0 - TITLE STATEMENT
Title Fightback says a woman
Statement of responsibility, etc. Clotil Walcott
260 ## - PUBLICATION, DISTRIBUTION, ETC.
Name of publisher, distributor, etc. Institute of Social Studies
Date of publication, distribution, etc. 1980
300 ## - PHYSICAL DESCRIPTION
Extent (e.g. Volumes, Pages etc.) 77 p .,
650 ## - SUBJECT ADDED ENTRY--TOPICAL TERM
Topical term or geographic name entry element Political
650 ## - SUBJECT ADDED ENTRY--TOPICAL TERM
Topical term or geographic name entry element Social
942 ## - Koha item type (Biblio)
Koha item type Books in Stacks (Lending)
Holdings
Lost status Damaged status Collection code Home library Current library Shelving location Date acquired Full call number Accession Number Item type
    Lending WERC Library WERC Library Social Science Cupboard 03/31/2024 331.4 WAL 95 Books in Stacks (Lending)

© WERC Library